Angielski - słownictwo - Statystyki

Ogólne statystyki
  • Ten quiz został rozwiązany 117 razy
  • Średni wynik to 21 z 28
Statystyki odpowiedzi
Słowo Tłumaczenie % Poprawnych
bread chleb
100%
strong silny
95%
stupid głupi
93%
glue klej
93%
mirror lustro
89%
factory fabryka
88%
talk rozmawiać
88%
laugh śmiech
87%
cup kubek
86%
cut ciąć
85%
parrot papuga
85%
tank czołg
84%
deep głęboko
84%
scissors nożyczki
82%
grow rosnąć
82%
dry suchy
80%
roof dach
79%
weird dziwny
79%
soap mydło
78%
law prawo
76%
tear łza
71%
imagination wyobraźnia
70%
shelf półka
53%
hook hak
52%
bruise siniak
38%
dimension wymiar
37%
maze labirynt
33%
breed rasa
32%
Nie znaleziono quizów pasujących do podanych kryteriów
Rozkład punktacji
Procent ludzi z każdym wynikiem
Percentyl według liczby udzielonych odpowiedzi
Twoja historia wyników
Nie rozwiązałeś tego quizu